| 000 | 00538nam a22001817a 4500 | ||
|---|---|---|---|
| 999 |
_c64718 _d64715 |
||
| 082 | _aR/2CS15 | ||
| 100 | _aWaqar Haider | ||
| 100 | _aRoll No. 15CS45 | ||
| 100 | _aSupervisor - Dr. Imtiaz ALi Halepoto | ||
| 245 | _aAndroid Application for Construction Project Management. | ||
| 260 |
_aNawabshah _bQUEST _c2019 |
||
| 300 | _a55p | ||
| 700 | _aM. Waqas Bashir (Roll No. 15CS08) | ||
| 700 | _aSalman Gul (Roll No. 15CS09) | ||
| 700 | _aLove Kumar (Roll No. 15CS34) | ||
| 700 | _aWaqas Ibrahim (Roll No. 15CS13) | ||
| 942 | _cTHESIS | ||